| 000 | 01551nam a2200265 a 4500 | ||
|---|---|---|---|
| 001 | BRCA_8483 | ||
| 005 | 20190320210313.0 | ||
| 008 | 180316s1752----sp-#######---#000-0#spa-# | ||
| 041 | _aspa | ||
| 044 | _asp | ||
| 084 |
_aDOC7 _b.E57 _c1752 |
||
| 245 | 1 | 0 |
_aD. Enrique de Martos y Navarrete, alcayde perpetuo de la Casa Real, y Fuerte _cJuan Muñoz, Enrique de Martos y Navarrete. |
| 260 |
_aGranada, España _c1752 |
||
| 300 |
_a[1] foja _c30 x 20 cm. |
||
| 500 | _aDocumento expedido el 8 de agosto de 1752 | ||
| 500 | _aEstado de conservación: contiene dobleces y esta rota | ||
| 505 | 0 | _aD. Enrique de Martos y Navarrete, alcayde perpetuo de la Casa Real, y Fuerte, con la denominacion desde tiempo de Moros de la Casa Real de las Gallinas, sus Terrazgos, Dehesas, y Jurisdiccion, Extramuros de la Ciudad de Granada, y Subdelegado de Marina en esta Puebla, y su partido, uno de los cinco que componen la provincia de Malaga. Por la presente concedo licencia, y seguro passaporte a Juan Muñoz delineador y maestro de carpintero de Rivera de la Real Maestranza para G. parte de la Ciudad de Granada a dependencias propias | |
| 506 | 0 | _aFondo reservado: para su consulta es necesario credencial de usuario y carta de motivos. | |
| 546 | _aTexto en: español de finales del siglo XIX | ||
| 600 | 1 | 4 |
_aMartos y Navarrete, Enrique de _cAlcayde Perpetuo de la Casa Real _921261 |
| 600 | 1 | 4 |
_aJuan, Muñoz _cDelineador y Maestro de Carpintero de Rivera _921262 |
| 650 | 1 | 4 |
_aDocumentos legales _zEspaña _912614 |
| 902 | _aDDH | ||
| 942 |
_2lcc _cD |
||
| 999 |
_c8150 _d8150 |
||